Az online szállásfoglalás és a kuponos turizmus

Bibliographic Details
Main Author: Szántó Petra
Other Authors: Karsai Dr Árpád
Format: Project work
Kulcsszavak:Online szállásfoglalás
kuponos turizmus
utazás
Online Access:http://dolgozattar.uni-bge.hu/22603

MARC

LEADER 00000nnm a2200000 i 4500
001 dolg22603
005 20190829143551.0
008 190521suuuu hu o 000 hun d
040 |a BGE Dolgozattár Repozitórium  |b hun 
041 |a hu 
100 1 |a Szántó Petra 
245 1 3 |a Az online szállásfoglalás és a kuponos turizmus  |c Szántó Petra  |h [elektronikus dokumentum] 
516 |a Project_work 
695 |a Online szállásfoglalás 
695 |a kuponos turizmus 
695 |a utazás 
700 1 |a Karsai Dr Árpád  |e ths 
856 4 0 |u http://dolgozattar.uni-bge.hu/22603/1/projektmunka.K%C3%89SZ.pdf  |z Dokumentum-elérés